00738 2200169 4500245006300000020002200063250001100085100001400096650001400110005001900124260004200143041001400185084001200199300002700211500032100238336000900559 aSeni Menaklukkan Penjual dengan NegosiasicIstijantohText a978-979-22-2695-9 aCet. 1 aIstijanto aNegosiasi a20231004142539 aJakartabGramedia Pustaka Utamac2007 aIndonesia a658.405 aix, 206 hlm. :c23 cm. aTemukan dan pelajari teknik-teknik negosiasi pembelian di buku ini. Pembaca tidak hanya memperoleh pengetahuan negosiasi, namun juga sisi penerapannya secara langsung: apa yang harus Pembaca ucapkan, apa yang harus Pembaca lakukan, bagaimana Pembaca menawar, bagaimana menekan penjual, dan mencapai win-win solution. atext